1702 1497 1027 1579 1012 1791 1014 1101 1785 1814 1913 1905 1930 1148 1608 1518 1713 1582 1322 1072 1045 1611 1081 1537 1353 1594 1582 1949 1195 1108 1682 1113 1643 1134 1857 1299 1069 1962 1622 1016 1849 1241 1108 1943 1287 1107 1678 1363 1916 1284 1704 1674 1493 1925 1133 1090 1552 1413 1521 1965 1406 1777 1293 1403 1637 1982 1271 1115 1290 1880 1982 1406 1301 1194 1173 1631 1232 1663 1548 1734 1754 1526 1370 1790 1681 1083 1639 1196 1308 1763 1551 1060 1801 1307 1790 1533 1756 1569 1699 BCNSPRNW ULIB Ver.6.0+V

เปลี่ยนเป็นภาษาไทย

Change to English
 แสดงรายละเอียดบรรณานุกรม
  กลับหน้าหลัก

Brief Record : Get Marc (ISO 2709) : E-mail record : QR code < ปิดหน้าต่าง
LEADER : 00000nam 2200000uu 4500
001    13399109075
003     ULIB
008    110321s2552||||th 000 0 tha d
020    9789744141064
060 04 WC515^bศ159ท 2552
100 0  ศรัญญู ชูศรี
245 10 ทำอย่างไรไม่ติดไข้หวัดใหญ่ 2009 ! /^cศรัญญู ชูศรี
250    พิมพ์ครั้งที่ 1
260    กรุงเทพฯ :^bดีไลท์พับลิชชิ่ง,^c2552
300    74 หน้า :^bภาพประกอบ ;^c21 ซม.
650  7 ไข้หวัดใหญ่สายพันธุ์ใหม่ 2009
650  7 ไข้หวัดใหญ่^xการป้องกันและควบคุม
945    ^p65^l0^i029866
945    ^p65^l0^i029865
995    ทศพร
999 ^a ใช้งานได้ทุกระบบ
รายการนี้ยังไม่มีแท็ก
คุณยังไม่ได้ล็อกอิน คุณสามารถมีกิจกรรมร่วมกับเว็บไซต์ได้ แต่ต้องล็อกอินก่อน ::
  ล็อกอิน

รายการสื่อสารสนเทศ

ลำดับที่ ประเภท เลขเรียก/บาร์โค้ด สถานที่ สถานะ
- ไม่พบข้อมูล -

รายการใกล้เคียง
    ผู้แต่ง [ศรัญญู ชูศรี]

    หัวเรื่อง [ไข้หวัดใหญ่สายพันธุ์ใหม่ 2009]

BibComment


ยังไม่เคยถูกคอมเมนท์

คอมเมนท์ทรัพยากรรายการนี้
  คอมเมนท์: ทำอย่างไรไม่ติดไข..


 Copyright 2026. Bcnsprnw @Library